Statistics for NHL Teams by main colors

Click here to take the quiz!

General Stats

  • This quiz has been taken 291 times
  • The average score is 11 of 30

Answer Stats

HintAnswer% Correct
Black and GrayKings
87%
Blue and OrangeOilers
66%
Red and YellowFlames
55%
Blue and YellowBlues
44%
Black and YellowBruins
43%
RedRedwings
43%
Green and YellowStars
43%
Yellow, Black, Green, Orange, and RedBlackhawks
38%
Blue and OrangeIslanders
38%
BlueMaple Leafs
38%
Blue and GrayCanucks
37%
Yellow and BlackPenguins
37%
Orange and BlackFlyers
35%
Red, Green, and YellowWild
35%
BlueLightning
34%
Red and BlueCanadiens
30%
Red and BlackHurricanes
30%
Red and PeachCoyotes
29%
Blue and YellowSabres
29%
Red, Blue, and GrayBlue Jackets
28%
Red and BlueRangers
28%
Red and BlueCapitals
25%
Red and BlackDevils
25%
Red, Blue, and GrayJets
24%
Blue and YellowPredators
24%
Blue and BlackSharks
24%
Yellow, Blue, and RedPanthers
23%
Red and YellowSenators
23%
Yellow and BlackDucks
22%
Red and BlueAvalanche
21%

Score Distribution

Percentile by Number Answered

Percent of People with Each Score

Your Score History

You have not taken this quiz